| 000 | 00535nam a2200217Ia 4500 | ||
|---|---|---|---|
| 008 | 140626s9999 xx 000 0 und d | ||
| 100 | _aColmenares, Pinky. | ||
| 245 | 2 |
_aA lowlander in the highlands / _cPinky Colmenares. |
|
| 260 | _cc2012. | ||
| 300 | _a13 : 10, page 8 | ||
| 440 | _aCruising | ||
| 521 | _aTOU | ||
| 650 | _aBatad weekend warriors. | ||
| 650 | _aCity. | ||
| 650 | _aCruise control. | ||
| 650 | _aIfugao. | ||
| 650 | _aMountains. | ||
| 650 | _aPhotography. | ||
| 650 | _aRice terraces. | ||
| 942 | _cSE | ||
| 999 |
_c121148 _d121148 |
||